[Event "2020 Standard Chess Dropout Tournament, Round 6"]
[Site "SchemingMind.com"]
[Date "2022.01.01"]
[Round "6"]
[White "John C. Walton"]
[Black "Matthew Bailey"]
[Result "1-0"]
[WhiteCountry "USA"]
[BlackCountry "ENG"]
[WhiteElo "2592"]
[WhiteRD "95"]
[BlackElo "2587"]
[BlackRD "80"]
[GameID "718779"]

1. d4 Nf6 2. c4 c5 3. d5 e5 4. Nc3 d6 5. e4 Be7 6. g3 O-O 7. Bg2 Na6 8. Nge2 Nc7 9. O-O a6 10. a4 b6
11. b3 Rb8 12. Qc2 b5 13. Bd2 h5 14. h4 bxc4 15. bxc4 a5 16. Nb5 Na6 17. Nec3 Nb4 18. Qb1 Nh7 19. Ra3 Rb7 20. Nd1 Bf6
21. f3 g6 22. Nf2 Bg7 23. Rb3 f5 24. Bh3 Rbf7 25. Re1 Re7 26. Kg2 Kh8 27. f4 exf4 28. Bxf4 Be5 29. exf5 Bxf4 30. gxf4 Rxe1
31. Qxe1 gxf5 32. Rg3 Qf6 33. Qc3 Qxc3 34. Rxc3 Rd8 35. Nh1 Nf8 36. Rg3 Kh7 37. Kf3 Ng6 38. Rg5 Kh6 39. Ng3 Nxh4+ 40. Kf2 Nd3+
41. Ke3 Nxf4 42. Kxf4 Ng6+ 43. Rxg6+ Kxg6 44. Bxf5+
1-0